000 00667nam a2200277Ia 4500
005 20260324113029.0
008 008 260324s9999 xx 000 0 eng d
020 _a9781003334644
037 _aEBOOK
040 _aCRL
040 _beng
040 _cCRL
041 _2eng
041 _aeng
084 _qCRL
100 _aMuhammad Faheem; Allah Ditta; Jiangkun Du
_91145138
245 0 _aNanomaterials in Industrial Chemistry
260 _bTaylor and Francis
260 _c2024
365 _a
365 _b320
856 _uhttp://www.taylorfrancis.com/books/9781003334644
942 _cEBOOK
999 _c1734570
_d1734570